Catalan food words - Statistics

General Stats
  • This quiz has been taken 189 times
  • The average score is 16 of 20
Answer Stats
Catalan Answer % Correct
Patata Potato
99%
Aigua Water
97%
Gelat Ice Cream
96%
Plàtan Banana
95%
Sucre Sugar
95%
Sopa Soup
94%
Tomàquet Tomato
94%
Pinya Pinneapple
91%
Peix Fish
88%
Vi Wine
88%
Mantega Butter
82%
Taronja Orange
82%
Galetes Cookies
79%
Bistec Steak
77%
Pastís Cake
75%
Pernil Ham
68%
Nata Cream
65%
Amanida Salad
61%
Mandonguilles Meatballs
42%
Llaminadures Candy
36%
No matching quizzes found
Score Distribution
Percent of People with Each Score
Percentile by Number Answered
Your Score History
You have not taken this quiz